[Event "Rakovnik Regional-chT 1415"]
[Site "Rakovnik"]
[Date "2015.04.12"]
[Round "11.5"]
[White "Slapnicka, Karel"]
[Black "Horak, Martin"]
[Result "1/2-1/2"]
[WhiteElo "2009"]
[BlackElo "2066"]
[PlyCount "120"]
[EventDate "2014.10.19"]
[EventType "team-tourn"]
[EventRounds "11"]
[EventCountry "CZE"]
[SourceTitle "EXT 2016"]
[Source "ChessBase"]
[SourceDate "2015.10.08"]
[SourceVersion "1"]
[SourceVersionDate "2015.10.08"]
[SourceQuality "1"]
[WhiteTeam "Kralupy nad Vltavou"]
[BlackTeam "Vlasim II"]
[WhiteTeamCountry "CZE"]
[BlackTeamCountry "CZE"]

1. e4 c5 2. Nf3 d6 3. d4 cxd4 4. Nxd4 Nf6 5. Nc3 g6 6. g3 Bg7 7. Bg2 0-0 8. 0-0 Nc6 9. h3 Bd7 10. Be3 Ne5 11. b3 Qc8 12. Nce2 Bxh3 13. f3 d5 14. Bf4 Nc6 15. e5 Nh5 16. Nxc6 bxc6 17. Qd2 Bxg2 18. Kxg2 Nxf4+ 19. Qxf4 Qe6 20. Rae1 Qxe5 21. Qd2 Qd6 22. Rh1 e5 23. Rh3 f5 24. Reh1 h5 25. Nc1 e4 26. fxe4 fxe4 27. c3 Qf6 28. g4 hxg4 29. Rg3 Rae8 30. Qe2 e3 31. Nd3 Qxc3 32. Rxe3 Rxe3 33. Qxe3 Qf6 34. Ne1 d4 35. Qe2 Qf5 36. Rh4 Qd5+ 37. Kg1 g3 38. Nd3 Qd6 39. Re4 c5 40. Re6 Qd8 41. Rxg6 Qc7 42. Re6 c4 43. Re7 Qc8 44. bxc4 Qxc4 45. Rxa7 Qd5 46. Qg4 Rf7 47. Nf4 Qe4 48. Qc8+ Bf8 49. Rxf7 Kxf7 50. Qc4+ Kf6 51. Nh5+ Kg6 52. Nxg3 Qe3+ 53. Kg2 Bg7 54. a4 Qd2+ 55. Kh3 Qh6+ 56. Kg2 Qd2+ 57. Kf1 Qf4+ 58. Kg2 Qd2+ 59. Kg1 Qe3+ 60. Kh2 Qh6+ 1/2-1/2

[Event "Rakovnik Regional-chT 1415"]
[Site "Rakovnik"]
[Date "2015.02.15"]
[Round "8.5"]
[White "Slapnicka, Karel"]
[Black "Dlouhy, Ondrej"]
[Result "1/2-1/2"]
[WhiteElo "2009"]
[BlackElo "1980"]
[PlyCount "23"]
[EventDate "2014.10.19"]
[EventType "team-tourn"]
[EventRounds "11"]
[EventCountry "CZE"]
[SourceTitle "EXT 2016"]
[Source "ChessBase"]
[SourceDate "2015.10.08"]
[SourceVersion "1"]
[SourceVersionDate "2015.10.08"]
[SourceQuality "1"]
[WhiteTeam "Kralupy nad Vltavou"]
[BlackTeam "Nymburk Sokol"]
[WhiteTeamCountry "CZE"]
[BlackTeamCountry "CZE"]

1. e4 e5 2. Nc3 Nf6 3. g3 d5 4. exd5 Nxd5 5. Bg2 Nxc3 6. bxc3 Bc5 7. Ne2 0-0 8. 0-0 Nd7 9. d4 Bb6 10. a4 c6 11. Be3 Re8 12. Qd2 1/2-1/2

[Event "Rakovnik Regional-chT 1415"]
[Site "Rakovnik"]
[Date "2015.01.18"]
[Round "6.4"]
[White "Bechyne, Jaroslav"]
[Black "Slapnicka, Karel"]
[Result "1-0"]
[WhiteElo "2075"]
[BlackElo "2009"]
[PlyCount "103"]
[EventDate "2014.10.19"]
[EventType "team-tourn"]
[EventRounds "11"]
[EventCountry "CZE"]
[SourceTitle "EXT 2016"]
[Source "ChessBase"]
[SourceDate "2015.10.08"]
[SourceVersion "1"]
[SourceVersionDate "2015.10.08"]
[SourceQuality "1"]
[WhiteTeam "Kostelec nad CL"]
[BlackTeam "Kralupy nad Vltavou"]
[WhiteTeamCountry "CZE"]
[BlackTeamCountry "CZE"]

1. Nf3 c5 2. c3 d5 3. d4 Nc6 4. Bf4 Bf5 5. e3 a6 6. Bd3 Bxd3 7. Qxd3 Nf6 8. Nbd2 e6 9. 0-0 Rc8 10. Bg5 Be7 11. Bxf6 Bxf6 12. dxc5 0-0 13. Nb3 Ne5 14. Nxe5 Bxe5 15. Rad1 g6 16. f4 Bf6 17. e4 dxe4 18. Qxe4 Qc7 19. Rd3 Rfd8 20. Rfd1 Rxd3 21. Rxd3 Be7 22. Qd4 Rd8 23. Qe4 Rxd3 24. Qxd3 Qxf4 25. Qd4 Qf5 26. Qd1 Bxc5+ 27. Nxc5 Qxc5+ 28. Kh1 Qd5 29. Qb1 e5 30. h3 Kg7 31. Qe1 f6 32. b3 Qd3 33. c4 e4 34. Qb4 Qd7 35. Qb6 Kf7 36. Kg1 Qc6 37. Qd4 Qe6 38. Kf2 f5 39. Qh8 Qf6 40. Qxh7+ Ke6 41. Qxb7 Qb2+ 42. Kg3 f4+ 43. Kh2 e3 44. Qc8+ Kf7 45. Qd7+ Kf6 46. Qd6+ Kg5 47. Qc5+ Kh6 48. Qf8+ Kh5 49. Qc5+ Kh6 50. Qf8+ Kh5 51. Qxf4 Qd2 52. h4 1-0

[Event "CZE-chT2B 1213"]
[Site "Czech Republic"]
[Date "2012.10.14"]
[Round "1.3"]
[White "Slapnicka, Karel"]
[Black "Polak, Benedikt"]
[Result "0-1"]
[WhiteElo "2029"]
[BlackElo "2177"]
[PlyCount "80"]
[EventDate "2012.10.14"]
[EventType "team-tourn"]
[EventRounds "11"]
[EventCountry "CZE"]
[SourceTitle "EXT 2015"]
[Source "ChessBase"]
[SourceDate "2014.11.20"]
[SourceVersion "1"]
[SourceVersionDate "2014.11.20"]
[SourceQuality "1"]
[WhiteTeam "Kralupy nad Vltavou"]
[BlackTeam "Liberec Desko"]
[WhiteTeamCountry "CZE"]
[BlackTeamCountry "CZE"]

1. e4 c5 2. Nf3 e6 3. d4 cxd4 4. Nxd4 a6 5. Be2 Nf6 6. Bg5 Qb6 7. Bxf6 gxf6 8. Nb3 Nc6 9. a3 Qc7 10. Nc3 b6 11. Qd2 Bb7 12. Rd1 0-0-0 13. Qe3 Rg8 14. 0-0 f5 15. exf5 Nd4 16. f3 Nxb3 17. Kh1 Bc5 18. Qd3 Nd4 19. b4 Nxe2 20. Nxe2 Be7 21. c4 Kb8 22. Rd2 h5 23. c5 bxc5 24. bxc5 Qxc5 25. Rb1 Ka8 26. Rdb2 Rb8 27. Qxd7 Qd6 28. Qa4 Qc6 29. Qb3 Bf6 30. Rc2 Qd5 31. Qe3 Qxf5 32. Rbc1 Rgc8 33. Ng3 Qe5 34. Qd3 Rxc2 35. Rxc2 Rd8 36. Qf1 h4 37. Ne4 Be7 38. h3 f5 39. Nc3 Qd4 40. Rc1 Qd3 0-1

[Event "Czechia KP-chTA 0607"]
[Site "Czech Republic"]
[Date "2007.03.18"]
[Round "10.8"]
[White "Slapnicka, Karel"]
[Black "Kliment, Jiri"]
[Result "1-0"]
[WhiteElo "1763"]
[BlackElo "1602"]
[PlyCount "173"]
[EventDate "2006.10.29"]
[EventType "team"]
[EventRounds "11"]
[EventCountry "CZE"]
[SourceTitle "EXT 2008"]
[Source "ChessBase"]
[SourceDate "2007.11.25"]
[SourceVersion "1"]
[SourceVersionDate "2007.11.25"]
[SourceQuality "1"]
[WhiteTeam "Kralupy nad Vltavou"]
[BlackTeam "Tisice"]
[WhiteTeamCountry "CZE"]
[BlackTeamCountry "CZE"]

1. e4 e5 2. Nf3 Nc6 3. Nc3 Bc5 4. Bc4 Nf6 5. d3 d6 6. Be3 Bb4 7. a3 Bxc3+ 8. bxc3 Be6 9. Bb5 0-0 10. Rb1 Na5 11. Nd2 c6 12. Ba4 d5 13. f3 dxe4 14. fxe4 Qc7 15. 0-0 c5 16. c4 Ng4 17. Qe2 Rad8 18. Bg5 f6 19. Bh4 b6 20. Be1 Nb7 21. Nf3 Nd6 22. Bd2 Nf7 23. Kh1 Ngh6 24. Ng1 f5 25. exf5 Nxf5 26. Nf3 Nd4 27. Nxd4 Rxd4 28. Bc3 Rh4 29. Be1 Rh6 30. Bg3 Bc8 31. Rbe1 Re6 32. Kg1 g6 33. Rf3 Bb7 34. Re3 Qe7 35. Bxe5 Nxe5 36. Rxe5 Rxe5 37. Qxe5 Qf7 38. Qe3 Qf6 39. Bd7 Rd8 40. Be6+ Kg7 41. Bg4 Rf8 42. Qe7+ Rf7 43. Qxf6+ Kxf6 44. Rf1+ Kg7 45. Rxf7+ Kxf7 46. Kf2 Kf6 47. Bf3 Bc8 48. Ke3 Ke5 49. c3 Bd7 50. Be4 Be8 51. h4 h6 52. d4+ Kd6 53. Kf4 Bf7 54. Bd3 Ke6 55. g4 Kd6 56. d5 a6 57. g5 h5 58. Be2 Be8 59. Bxh5 gxh5 60. Kf5 Ke7 61. g6 Bd7+ 62. Ke5 Kf8 63. Kf6 b5 64. d6 bxc4 65. g7+ Kg8 66. Ke7 Ba4 67. d7 Bxd7 68. Kxd7 Kxg7 69. Ke7 Kg6 70. Ke6 a5 71. a4 Kg7 72. Kf5 Kh6 73. Kf6 Kh7 74. Kg5 Kg7 75. Kxh5 Kf6 76. Kg4 Kg7 77. Kf5 Kh6 78. Ke5 Kh5 79. Kd5 Kxh4 80. Kxc5 Kg5 81. Kb5 Kf5 82. Kxa5 Ke5 83. Kb5 Kd6 84. Kb6 Kd5 85. a5 Ke4 86. Kc5 Kd3 87. Kb4 1-0

[Event "Czechia KP-chTA 0607"]
[Site "Czech Republic"]
[Date "2007.02.04"]
[Round "7.8"]
[White "Slapnicka, Karel"]
[Black "Novy, Jaroslav"]
[Result "0-1"]
[WhiteElo "1763"]
[BlackElo "1798"]
[PlyCount "142"]
[EventDate "2006.10.29"]
[EventType "team"]
[EventRounds "11"]
[EventCountry "CZE"]
[SourceTitle "EXT 2008"]
[Source "ChessBase"]
[SourceDate "2007.11.25"]
[SourceVersion "1"]
[SourceVersionDate "2007.11.25"]
[SourceQuality "1"]
[WhiteTeam "Kralupy nad Vltavou"]
[BlackTeam "Bakov nad Jizerou"]
[WhiteTeamCountry "CZE"]
[BlackTeamCountry "CZE"]

1. e4 e6 2. d4 d5 3. exd5 exd5 4. Bd3 Nf6 5. Bf4 Bd6 6. Bg3 Bg4 7. Nf3 Nc6 8. c3 Bxg3 9. hxg3 Qe7+ 10. Qe2 Qxe2+ 11. Bxe2 Bf5 12. Nbd2 Bc2 13. Rc1 Bf5 14. Nh4 Ne7 15. Nxf5 Nxf5 16. 0-0 0-0 17. Bd3 Nd6 18. Rfe1 Rfe8 19. Re5 Nfe4 20. Bxe4 dxe4 21. Re1 f6 22. Rc5 c6 23. Nc4 Nxc4 24. Rxc4 Re7 25. Re3 Kf7 26. Rb4 Rae8 27. Kf1 f5 28. a4 Rd8 29. Ke2 Rdd7 30. Kd2 c5 31. Rc4 cxd4 32. cxd4 Re5 33. Rec3 Red5 34. Ke3 g5 35. b3 Ke6 36. Rc1 Kf6 37. Rh1 Kg6 38. Rhc1 a6 39. Rd1 Kf6 40. Rh1 Kg6 41. Rd1 b5 42. Rc6+ R5d6 43. axb5 axb5 44. Rdc1 Kf7 45. Rxd6 Rxd6 46. Rc5 Ke6 47. Rxb5 h6 48. g4 fxg4 49. Kxe4 Kf6 50. b4 h5 51. d5 h4 52. Rc5 h3 53. gxh3 gxh3 54. Kf3 g4+ 55. Kg3 Ke5 56. Rc4 Rxd5 57. Rxg4 Rd3+ 58. f3 h2 59. Rh4 Rb3 60. b5 Kf6 61. b6 Kg5 62. Rxh2 Rxb6 63. f4+ Kf5 64. Rh5+ Kg6 65. Kg4 Rf6 66. Ra5 Kh6 67. Rb5 Kg7 68. Rb7+ Kh6 69. f5 Rf8 70. Rb6+ Kg7 71. Rg6+ Kh8 0-1

[Event "CZE-ch U16"]
[Site "Sec u Chrudimi"]
[Date "2005.10.26"]
[Round "6"]
[White "Slapnicka, Karel"]
[Black "Horak, Karel Jr"]
[Result "1/2-1/2"]
[WhiteElo "1719"]
[BlackElo "1734"]
[PlyCount "50"]
[EventDate "2005.10.22"]
[EventType "swiss"]
[EventRounds "9"]
[EventCountry "CZE"]
[SourceTitle "EXT 2008"]
[Source "ChessBase"]
[SourceDate "2007.11.25"]
[SourceVersion "1"]
[SourceVersionDate "2007.11.25"]
[SourceQuality "1"]

1. e4 c5 2. Nf3 e6 3. d4 cxd4 4. Nxd4 a6 5. Nc3 Qc7 6. Bd3 Nc6 7. Be3 Nf6 8. 0-0 Bd6 9. h3 h5 10. Nxc6 dxc6 11. f4 e5 12. f5 b5 13. a3 Bb7 14. Qd2 Qe7 15. Rad1 Bc5 16. b4 Bxe3+ 17. Qxe3 Rd8 18. Ne2 c5 19. c3 0-0 20. Bc2 Rxd1 21. Rxd1 Rc8 22. Kh2 cxb4 23. axb4 Qc7 24. Kg3 Qc4 25. Kf3 Nh7 1/2-1/2